<?xml version="1.0" encoding="UTF-8"?>
<record
    xmlns:xsi="http://www.w3.org/2001/XMLSchema-instance"
    xsi:schemaLocation="http://www.loc.gov/MARC21/slim http://www.loc.gov/standards/marcxml/schema/MARC21slim.xsd"
    xmlns="http://www.loc.gov/MARC21/slim">

  <leader>02056nam0a2200421   4500</leader>
  <controlfield tag="001">RU\NLR\BIBL_A\022386275</controlfield>
  <controlfield tag="005">20260420021842.0</controlfield>
  <datafield tag="010" ind1=" " ind2=" ">
    <subfield code="a">978-5-6050942-5-8</subfield>
    <subfield code="9">1000</subfield>
  </datafield>
  <datafield tag="021" ind1=" " ind2=" ">
    <subfield code="a">RU</subfield>
    <subfield code="b">&#x41A;&#x41D;-&#x41F;-24-060728</subfield>
    <subfield code="9">&#x41A;&#x41D;-&#x41F;-24-6036</subfield>
  </datafield>
  <datafield tag="035" ind1=" " ind2=" ">
    <subfield code="a">(NLR Aleph) 022386275</subfield>
  </datafield>
  <datafield tag="090" ind1=" " ind2=" ">
    <subfield code="a">13670343</subfield>
    <subfield code="c">13670343</subfield>
  </datafield>
  <datafield tag="100" ind1=" " ind2=" ">
    <subfield code="a">20241120d2024    u  y0rusy50      ca</subfield>
  </datafield>
  <datafield tag="101" ind1="1" ind2=" ">
    <subfield code="a">rus</subfield>
    <subfield code="c">eng</subfield>
  </datafield>
  <datafield tag="102" ind1=" " ind2=" ">
    <subfield code="a">RU</subfield>
  </datafield>
  <datafield tag="105" ind1=" " ind2=" ">
    <subfield code="a">ac  j   000yy</subfield>
  </datafield>
  <datafield tag="181" ind1=" " ind2="0">
    <subfield code="a">i </subfield>
    <subfield code="b">axxe  </subfield>
  </datafield>
  <datafield tag="182" ind1=" " ind2="0">
    <subfield code="a">n</subfield>
  </datafield>
  <datafield tag="200" ind1="1" ind2=" ">
    <subfield code="a">&#x41A;&#x440;&#x438;&#x44F; &#x439;&#x43E;&#x433;&#x430; &#x434;&#x430;&#x440;&#x448;&#x430;&#x43D;</subfield>
    <subfield code="e">&#x43C;&#x435;&#x434;&#x438;&#x442;&#x430;&#x446;&#x438;&#x44F; &#x438; &#x435;&#x435; &#x43C;&#x435;&#x442;&#x430;&#x444;&#x43E;&#x440;&#x438;&#x447;&#x435;&#x441;&#x43A;&#x43E;&#x435; &#x442;&#x43E;&#x43B;&#x43A;&#x43E;&#x432;&#x430;&#x43D;&#x438;&#x435;</subfield>
    <subfield code="f">&#x421;&#x432;&#x430;&#x43C;&#x438; &#x428;&#x430;&#x43D;&#x43A;&#x430;&#x440;&#x430;&#x43D;&#x430;&#x43D;&#x434;&#x430; &#x413;&#x438;&#x440;&#x438;</subfield>
    <subfield code="g">&#x43F;&#x435;&#x440;&#x435;&#x432;&#x43E;&#x434; [&#x441; &#x430;&#x43D;&#x433;&#x43B;&#x438;&#x439;&#x441;&#x43A;&#x43E;&#x433;&#x43E;]</subfield>
  </datafield>
  <datafield tag="203" ind1=" " ind2=" ">
    <subfield code="a">&#x422;&#x435;&#x43A;&#x441;&#x442;</subfield>
    <subfield code="b">&#x432;&#x438;&#x437;&#x443;&#x430;&#x43B;&#x44C;&#x43D;&#x44B;&#x439;</subfield>
    <subfield code="c">&#x43D;&#x435;&#x43F;&#x43E;&#x441;&#x440;&#x435;&#x434;&#x441;&#x442;&#x432;&#x435;&#x43D;&#x43D;&#x44B;&#x439;</subfield>
  </datafield>
  <datafield tag="205" ind1=" " ind2=" ">
    <subfield code="a">&#x418;&#x441;&#x43F;&#x440;. &#x438; &#x434;&#x43E;&#x43F;. 2-&#x435; &#x438;&#x437;&#x434;.</subfield>
  </datafield>
  <datafield tag="210" ind1=" " ind2=" ">
    <subfield code="a">&#x41C;&#x43E;&#x441;&#x43A;&#x432;&#x430;</subfield>
    <subfield code="c">&#x420;&#x43E;&#x434;&#x43E;&#x432;&#x438;&#x447;</subfield>
    <subfield code="d">2024</subfield>
  </datafield>
  <datafield tag="215" ind1=" " ind2=" ">
    <subfield code="a">250 &#x441;.</subfield>
    <subfield code="c">&#x438;&#x43B;., &#x446;&#x432;. &#x438;&#x43B;., &#x442;&#x430;&#x431;&#x43B;., &#x43F;&#x43E;&#x440;&#x442;&#x440;.</subfield>
    <subfield code="d">24</subfield>
  </datafield>
  <datafield tag="300" ind1=" " ind2=" ">
    <subfield code="a">&#x41D;&#x430; 4-&#x439; &#x441;. &#x43E;&#x431;&#x43B;. &#x430;&#x432;&#x442;.: &#x421;&#x432;&#x430;&#x43C;&#x438; &#x428;&#x430;&#x43D;&#x43A;&#x430;&#x440;&#x430;&#x43D;&#x430;&#x43D;&#x434;&#x430; &#x413;&#x438;&#x440;&#x438;, &#x421;&#x432;&#x430;&#x43C;&#x438;&#x434;&#x436;&#x438;</subfield>
  </datafield>
  <datafield tag="300" ind1=" " ind2=" ">
    <subfield code="a">&#x41E;&#x440;&#x438;&#x433;. &#x43F;&#x440;&#x435;&#x434;&#x441;&#x442;&#x430;&#x432;&#x43B;&#x44F;&#x435;&#x442; &#x441;&#x43E;&#x431;&#x43E;&#x439; &#x441;&#x438;&#x43B;&#x44C;&#x43D;&#x43E; &#x43F;&#x435;&#x440;&#x435;&#x440;&#x430;&#x431;. &#x438; &#x440;&#x430;&#x441;&#x448;&#x438;&#x440;. &#x438;&#x437;&#x434;. &#x43A;&#x43D;. "Kriya Yoga Darshan: Theory and Practice / Swami Shankarananda Giri"</subfield>
  </datafield>
  <datafield tag="320" ind1=" " ind2=" ">
    <subfield code="a">&#x414;&#x440;&#x443;&#x433;&#x438;&#x435; &#x43A;&#x43D;. &#x430;&#x432;&#x442;. &#x43D;&#x430; 4-&#x439; &#x441;. &#x43E;&#x431;&#x43B;.</subfield>
  </datafield>
  <datafield tag="454" ind1=" " ind2="0">
    <subfield code="1">2001#$aKriya Yoga Darshan: Theory and Practice$fSwami Shankarananda Giri</subfield>
    <subfield code="1">700#0$aShankarananda Giri Swami$f1947-$3RU\NLR\AUTH\770274917</subfield>
    <subfield code="t">Kriya Yoga Darshan: Theory and Practice</subfield>
    <subfield code="a">Shankarananda Giri Swami (1947-)</subfield>
  </datafield>
  <datafield tag="606" ind1="1" ind2=" ">
    <subfield code="a">&#x41A;&#x440;&#x438;&#x439;&#x44F;-&#x419;&#x43E;&#x433;&#x430;</subfield>
    <subfield code="9">2607620</subfield>
    <subfield code="3">RU\NLR\AUTH\661544178</subfield>
  </datafield>
  <datafield tag="606" ind1="1" ind2=" ">
    <subfield code="a">&#x41C;&#x435;&#x434;&#x438;&#x442;&#x430;&#x446;&#x438;&#x44F;</subfield>
    <subfield code="x">&#x418;&#x43D;&#x434;&#x443;&#x438;&#x441;&#x442;&#x441;&#x43A;&#x430;&#x44F; &#x43A;&#x43E;&#x43D;&#x446;&#x435;&#x43F;&#x446;&#x438;&#x44F;</subfield>
    <subfield code="9">2550741</subfield>
    <subfield code="3">RU\NLR\AUTH\6601722527</subfield>
  </datafield>
  <datafield tag="686" ind1="1" ind2=" ">
    <subfield code="a">&#x42E;3(5&#x418;&#x434;)6-684</subfield>
  </datafield>
  <datafield tag="686" ind1="2" ind2=" ">
    <subfield code="a">&#x42D;331-4-340.2</subfield>
  </datafield>
  <datafield tag="686" ind1="2" ind2=" ">
    <subfield code="a">&#x42D;331.81-5</subfield>
  </datafield>
  <datafield tag="700" ind1=" " ind2="0">
    <subfield code="a">&#x428;&#x430;&#x43D;&#x43A;&#x430;&#x440;&#x430;&#x43D;&#x430;&#x43D;&#x434;&#x430; &#x413;&#x438;&#x440;&#x438; &#x421;&#x432;&#x430;&#x43C;&#x438;</subfield>
    <subfield code="f">1947-</subfield>
    <subfield code="3">RU\NLR\AUTH\770274911</subfield>
  </datafield>
  <datafield tag="942" ind1=" " ind2=" ">
    <subfield code="c">BOOK</subfield>
  </datafield>
  <datafield tag="980" ind1=" " ind2=" ">
    <subfield code="a">NB</subfield>
  </datafield>
</record>
